Algunas notas históricas sobre el Castillo de Lavit (Castrum Vitae) en el Panadés / (Record no. 123489)

MARC details
000 -LEADER
campo de control de longitud fija 00521nam a2200157 4500
001 - NÚMERO DE CONTROL
campo de control 123489
003 - IDENTIFICADOR DE NÚMERO DE CONTROL
campo de control ES-MaACL
005 - FECHA Y HORA DE LA ÚLTIMA TRANSACCIÓN
campo de control 20230906192200.0
007 - CAMPO FIJO DE DESCRIPCIÓN FÍSICA--INFORMACIÓN GENERAL
campo de control de longitud fija t|
008 - DATOS DE LONGITUD FIJA--INFORMACIÓN GENERAL
campo de control de longitud fija 070214s1928 sp r ||||1| spa d
100 1# - ENTRADA PRINCIPAL--NOMBRE DE PERSONA
Nombre de persona Rafols, Enrique.
9 (RLIN) 94973
245 10 - MENCIÓN DEL TÍTULO
Título Algunas notas históricas sobre el Castillo de Lavit (Castrum Vitae) en el Panadés /
Mención de responsabilidad, etc. por Enrique Rafols.
260 ## - PUBLICACIÓN, DISTRIBUCIÓN, ETC.
Lugar de publicación, distribución, etc. Barcelona :
Nombre del editor, distribuidor, etc. [s. n.],
Fecha de publicación, distribución, etc. 1928 (
Fabricante P. Yuste)
300 ## - DESCRIPCIÓN FÍSICA
Extensión 55 p. :
Otras características físicas il. ;
Dimensiones 24 cm +
Material acompañante/anejo 2 gráf. pleg.
852 ## - LOCALIZACIÓN
Ubicación ES-MaACL
Número de control de estantería 1972-F-3
Sublocalización o colección R.39407
Holdings
Estatus retirado Estado de pérdida Estado de daño No para préstamo Colección Biblioteca de origen Biblioteca actual Ubicación en estantería Fecha de adquisición Fuente de adquisición Total de préstamos Signatura topográfica completa Código de barras Visto por última vez Precio de reemplazo Tipo de ítem Koha
        Colección de folletos Biblioteca del Ateneo de Madrid Biblioteca del Ateneo de Madrid Depósito folletos 17/01/2008     1972-F-3 1128663 23/02/2023 23/02/2023 Folleto